Thomas and Friends Movies - Statistics

General Stats
  • This quiz has been taken 161 times
  • The average score is 11 of 14
Answer Stats
Year of Release Movie Name % Correct
2000 Thomas and the magic railroad
93%
2009 Hero of the rails
89%
2017 Journey beyond Sodor
86%
2010 Misty island rescue
86%
2012 Blue mountain mystery
85%
2016 The great race
85%
2018 Big world Big adventure
84%
2005 Calling all engines
84%
2011 Day of the diesels
84%
2008 The great discovery
84%
2013 King of the railway
83%
2015 The adventure begins
78%
2014 Tale of the brave
77%
2015 Sodor's legend of the lost treasure
38%
No matching quizzes found
Score Distribution
Percent of People with Each Score
Percentile by Number Answered
Your Score History
You have not taken this quiz